Lewis' General Knowledge Quiz #1 - Statistics

General Stats
  • This quiz has been taken 99 times
  • The average score is 9 of 20
Answer Stats
Hint Answer % Correct
What is the capital city of Portugal? Lisbon
85%
Which reggae singing star died 11th May 1981? Bob Marley
77%
Who was elected Prime Minister of the UK in 2010? David Cameron
73%
Which is the financial centre and main city of Switzerland? Zurich
67%
What is a name of a city in Alabama, and also a city in the UK? Birmingham
62%
In Roman mythology, Neptune is the equivalent to which Greek god? Poseidon
59%
What is the alternative common name for a Black Leopard? Panther
56%
For which fruit is the US state of Georgia famous? Peach
48%
What superhero is known for his speed and his red suit? The Flash
48%
Which sport includes positions such as Hooker and Flanker? Rugby
47%
In 'The Simpsons', who shot Mr Burns? Maggie Simpson
38%
How many feet are there in a fathom? 6
34%
Which woman won six consecutive Wimbledon singles titles in the 1980's? Martina Navratilova
32%
Who had a 1985 hit with Saving All My Love For You? Whitney Houston
29%
Who was president of Vietnam from 1945-54? Ho Chi Min
26%
What is the largest of the Canary Islands? Tenerife
24%
In the human body, what is the Hallux? Big Toe
16%
Which 17th century explorer was buried with a pipe and a box of tobacco? Sir Walter Raleigh
15%
In which film did Roger Moore first play James Bond? Live and Let Die
14%
Vodka, Galliano and orange juice are used to make which classic cocktail? Harvey Wallbanger
9%
No matching quizzes found
Score Distribution
Percent of People with Each Score
Percentile by Number Answered
Your Score History
You have not taken this quiz